In "Go Wild! Mission Wildnis" besuchte Länder - Statistiken

Allgemein
  • Dieses Quiz wurde 36 mal gespielt
  • Das Durchschnittsergebnis liegt bei 11 aus 19
Antworten auf der Karte
Die Antworten werden auf der Karte rot bzw. grün angezeigt, abhängig davon wie oft sie richtig erraten wurden.
 
Antwortstatistiken
Episoden Land % Korrekt
Die Reise der Schmetterlinge, Kleiner Otter auf großer Fahrt, Mission Moskito, Die Pantherbabysitter, Der verlorene Schlüssel, Das Opossum in meiner Tasche, Im Land der wilden Bisons, Krokodil oder Alligator?, Die schnellsten Läufer der Tierwelt, Ein Sturm auf der Prärie, Die Vögel der Prärie, Fang das Fischmobil!, Wild Ponies (nicht auf Deutsch veröffentlicht), Komodo Dragon (nicht auf Deutsch veröffentlicht), The Fourth Bald Eagle (nicht auf Deutsch veröffentlicht), Wild Kratts Alaska: Hero's Journey (nicht auf Deutsch veröffentlicht), Adapto the Coyote (nicht auf Deutsch veröffentlicht) Vereinigte Staaten
97%
Pandas in Gefahr, Die Schneeeuleninvasion, Rettung der Schuppentiere, Tierische Weihnachten, Der Goldstumpfnasenmann, Ein pelziges Fundstück, Farbenfrohes _____, Cats and Dogs (nicht auf Deutsch veröffentlicht) China
94%
Die Reise der Schmetterlinge, Von schwarzen und weißen Bären, Polar Bears Don’t Dance (nicht auf Deutsch veröffentlicht) Kanada
90%
Das Schnabeltier-Omelett, Wenn man vom Tasmanischen Teufel spricht, Kickboxen mit Kängurus, Ein Koala in der Wüste, Eine tierische Zeitreise zu den Beutelwölfen, Owl Odyssey (nicht auf Deutsch veröffentlicht) Australien
87%
Die Reise der Schmetterlinge Mexiko
84%
Fire Salamander (nicht auf Deutsch veröffentlicht), Cheeks the Hamster (nicht auf Deutsch veröffentlicht) Deutschland
81%
Temple of Tigers (nicht auf Deutsch veröffentlicht), The Dhole Duplicator (nicht auf Deutsch veröffentlicht), The Cobra King (nicht auf Deutsch veröffentlicht), Elephant Brains (nicht auf Deutsch veröffentlicht), Sloth Bear Suction (nicht auf Deutsch veröffentlicht) Indien
81%
Lemurenjagd mit Chamäleon-Power, Muttertag mit Hindernissen, Mini-_________, Aye-Aye, Piraten!, Menu auf _________, Was riecht denn da?, Affenalarm auf _________!, Schatzsuche auf _________, Tierische Weihnachten, Our Blue and Green World (nicht auf Deutsch veröffentlicht), No Name Dream (nicht auf Deutsch veröffentlicht) Madagaskar
68%
Der Flug der Drachenechse, Komodo Dragon (nicht auf Deutsch veröffentlicht) Indonesien
65%
Outfoxed (nicht auf Deutsch veröffentlicht) Ägypten
61%
Outfoxed (nicht auf Deutsch veröffentlicht) Frankreich
55%
Die Gottesanbeterin Peru
52%
Die ältesten Tiere der Welt Ecuador (Galapagos-Inseln)
29%
Die flinken Wassersprinter, Klammeraffenzirkus!, Das Geheimnis der Seidenspinnen, Der schwarze Jaguar, Die wunderbare Welt der Faultiere, Der unfassbare Kolibri Costa Rica
26%
Gefiederte Tänzer Papua-Neuguinea
23%
Eine tierische Zeitreise zu den Dodos Mauritius
19%
Kroko-Kinder, Chimpanzee And Me (nicht auf Deutsch veröffentlicht) Uganda
19%
Die Buddelmeister der Savanne Mosambik
16%
Die Tauschbörse der Einsiedlerkrebse Bahamas
13%
Keine übereinstimmenden Quizze gefunden
Verteilung der Resultate
Anzahl Personen mit jedem Resultat
Perzentil nach korrekt beantworteten Fragen
Ihre Resultats-Entwicklung
Sie haben dieses Quiz noch nicht gespielt